[Event "Wch Seniors 50 29th"]
[Site "Bucharest"]
[Date "2019.11.16"]
[Round "5"]
[White "Holmstrom, Johan Ravnborg"]
[Black "Mittermaier, Christian"]
[Result "1/2-1/2"]
[WhiteElo "1917"]
[BlackElo "1681"]
[PlyCount "57"]
[EventDate "2019.11.12"]
[EventType "swiss"]
[EventRounds "11"]
[EventCountry "ROU"]
[SourceTitle "CBM 193 Extra"]
[Source "ChessBase"]
[SourceDate "2020.01.31"]
[SourceVersion "1"]
[SourceVersionDate "2020.01.31"]
[SourceQuality "1"]

1. Nf3 Nf6 2. b3 g6 3. Bb2 Bg7 4. g3 0-0 5. Bg2 d6 6. d4 c6 7. 0-0 Ne4 8. Nbd2 Nxd2 9. Qxd2 Nd7 10. Rfd1 Qc7 11. c4 e5 12. dxe5 dxe5 13. Ne1 Re8 14. e4 Nc5 15. b4 Na4 16. Ba3 Be6 17. Qc2 Nb6 18. c5 Nd7 19. Bb2 Rad8 20. a3 f5 21. Bh3 fxe4 22. Bxe6+ Rxe6 23. Qxe4 Nf6 24. Qc4 Nd5 25. Ng2 Qf7 26. Ne3 Ree8 27. Qe4 Nxe3 28. Qxe3 Rd5 29. Kg2 1/2-1/2

[Event "DEN-ch G7-2"]
[Site "Svendborg"]
[Date "2019.04.18"]
[Round "3"]
[White "Holmstrom, Johan Ravnborg"]
[Black "Winther, Bjarke Rosenborg"]
[Result "1-0"]
[WhiteElo "1913"]
[BlackElo "1757"]
[PlyCount "95"]
[EventDate "2019.04.16"]
[EventType "swiss"]
[EventRounds "7"]
[EventCountry "DEN"]
[SourceTitle "EXT 2020"]
[Source "ChessBase"]
[SourceDate "2019.10.17"]
[SourceVersion "1"]
[SourceVersionDate "2019.10.17"]
[SourceQuality "1"]

1. Nf3 d5 2. b3 Nf6 3. Bb2 Nc6 4. e3 g6 5. Bb5 Bd7 6. 0-0 Bg7 7. d3 0-0 8. Nbd2 Bf5 9. Bxc6 bxc6 10. Rb1 c5 11. Ne5 Qd6 12. f4 Nd7 13. Ndf3 f6 14. Nxd7 Qxd7 15. Qe2 Qc6 16. Nd2 e5 17. fxe5 fxe5 18. e4 dxe4 19. Nxe4 Bxe4 20. dxe4 Bf6 21. Qc4+ Kg7 22. Rbd1 Rad8 23. Ba3 Be7 24. Rxd8 Rxf1+ 25. Kxf1 Bxd8 26. Qxc5 Qf6+ 27. Kg1 Qf4 28. Qf2 Qxf2+ 29. Kxf2 Kf6 30. Bc5 a6 31. Ke2 Ke6 32. Kd3 Kd7 33. Kc4 c6 34. Bf8 Bb6 35. Bg7 Kd6 36. Bf8+ Kd7 37. Bc5 Bd8 38. Bf8 Bb6 39. Bg7 Kd6 40. a3 Ke6 41. b4 Kd6 42. Bf8+ Kd7 43. Bc5 Bd8 44. Be3 Kd6 45. a4 Bf6 46. b5 cxb5+ 47. axb5 axb5+ 48. Kxb5 1-0

[Event "DEN-ch G7-1"]
[Site "Skorping"]
[Date "2017.04.13"]
[Round "3"]
[White "Holmstrom, Johan Ravnborg"]
[Black "Kristensen, Peter"]
[Result "1/2-1/2"]
[WhiteElo "1894"]
[BlackElo "2018"]
[PlyCount "81"]
[EventDate "2017.04.11"]
[EventType "swiss"]
[EventRounds "7"]
[EventCountry "DEN"]
[SourceTitle "EXT 2018"]
[Source "ChessBase"]
[SourceDate "2017.10.13"]
[SourceVersion "1"]
[SourceVersionDate "2017.10.13"]
[SourceQuality "1"]

1. c4 g6 2. Nc3 c5 3. g3 Bg7 4. Bg2 Nc6 5. a3 e6 6. Rb1 Nge7 7. e4 0-0 8. Nge2 b6 9. 0-0 Bb7 10. b4 cxb4 11. axb4 Ne5 12. d3 d5 13. f4 Nd7 14. cxd5 exd5 15. e5 Re8 16. d4 Nf8 17. b5 a6 18. Qb3 a5 19. Ba3 Ne6 20. Rfd1 Rc8 21. g4 Rc4 22. Bxe7 Rxe7 23. f5 Nxd4 24. Nxd4 Bxe5 25. Nce2 Qc7 26. h3 Qc5 27. Qd3 Bxd4+ 28. Nxd4 Rc3 29. Qd2 Ree3 30. Kh1 Qa3 31. Nc2 Rxh3+ 32. Kg1 Qc5+ 33. Qd4 Rhg3 34. Ne1 Rc4 35. Qxc5 bxc5 36. Kf2 Rgxg4 37. fxg6 hxg6 38. Bxd5 Bxd5 39. Rxd5 Rgf4+ 40. Kg2 Rg4+ 41. Kf2 1/2-1/2

[Event "Helsingor Xtracon op"]
[Site "Helsingor"]
[Date "2016.07.28"]
[Round "7"]
[White "Pedersen, Carl Aage"]
[Black "Holmstrom, Johan Ravnborg"]
[Result "0-1"]
[WhiteElo "1781"]
[BlackElo "1942"]
[PlyCount "128"]
[EventDate "2016.07.23"]
[EventType "swiss"]
[EventRounds "10"]
[EventCountry "DEN"]
[SourceTitle "CBM 173 Extra"]
[Source "ChessBase"]
[SourceDate "2016.08.29"]
[SourceVersion "1"]
[SourceVersionDate "2016.08.29"]
[SourceQuality "1"]

1. d4 Nf6 2. c4 e6 3. Nf3 Bb4+ 4. Bd2 Qe7 5. a3 Bxd2+ 6. Nbxd2 d6 7. e3 0-0 8. Bd3 e5 9. Qc2 Re8 10. dxe5 dxe5 11. e4 c5 12. 0-0 Nc6 13. Rad1 Bg4 14. Rde1 Rad8 15. h3 Bh5 16. Re3 Rd6 17. Qb1 a5 18. Be2 Red8 19. Rd3 Bg6 20. Rxd6 Rxd6 21. Qc2 Qd7 22. Rd1 Nh5 23. Nb3 b6 24. Rxd6 Qxd6 25. Qd3 Qxd3 26. Bxd3 Nf4 27. Bc2 f6 28. Nc1 Bf7 29. b3 Kf8 30. Kf1 Ke7 31. Nd3 Ne6 32. a4 g6 33. Nc1 Kd6 34. Ne2 Ncd4 35. Nfxd4 cxd4 36. Nc1 Nc5 37. Ke2 Be6 38. g4 Bd7 39. f3 Bc6 40. Nd3 Bd7 41. Kd2 Na6 42. Ne1 Nb4 43. Bb1 Ke7 44. Nd3 Na6 45. Bc2 Be6 46. Nf2 Nc5 47. Nd3 Bd7 48. Nxc5 bxc5 49. Bd3 f5 50. Ke2 Kf6 51. Kf2 h5 52. Kg3 hxg4 53. hxg4 fxg4 54. fxg4 Kg5 55. Be2 d3 56. Bf3 d2 57. Bd1 Bc6 58. Kf3 Kh4 59. Ke3 Kg3 60. Be2 g5 61. Bd1 Kg2 62. Be2 Kg3 63. Bd1 Bd7 64. Kxd2 Kf4 0-1

[Event "Helsingor Xtracon op"]
[Site "Helsingor"]
[Date "2016.07.23"]
[Round "1"]
[White "Fressinet, Laurent"]
[Black "Holmstrom, Johan Ravnborg"]
[Result "1-0"]
[WhiteElo "2677"]
[BlackElo "1942"]
[PlyCount "51"]
[EventDate "2016.07.23"]
[EventType "swiss"]
[EventRounds "10"]
[EventCountry "DEN"]
[SourceTitle "CBM 173 Extra"]
[Source "ChessBase"]
[SourceDate "2016.08.29"]
[SourceVersion "1"]
[SourceVersionDate "2016.08.29"]
[SourceQuality "1"]

1. Nf3 Nf6 2. g3 b6 3. Bg2 Bb7 4. c4 g6 5. d4 Bg7 6. 0-0 d6 7. d5 0-0 8. Nc3 c6 9. Nd4 cxd5 10. cxd5 a6 11. a4 Qc7 12. Bf4 Nbd7 13. Rc1 Rac8 14. Na2 Qb8 15. Nc6 Bxc6 16. dxc6 Nc5 17. b4 Ne6 18. Be3 b5 19. Nc3 Ng4 20. Nd5 Rfe8 21. Bb6 Ne5 22. c7 Nxc7 23. Bxc7 Qa7 24. Bb6 Qd7 25. axb5 axb5 26. Bd4 1-0

[Event "Copenhagen Challenge"]
[Site "Ballerup"]
[Date "2016.04.21"]
[Round "2"]
[White "Andersen, Soren Mikkel"]
[Black "Holmstrom, Johan Ravnborg"]
[Result "1-0"]
[WhiteElo "2114"]
[BlackElo "1932"]
[PlyCount "45"]
[EventDate "2016.04.20"]
[EventType "swiss"]
[EventRounds "9"]
[EventCountry "DEN"]
[SourceTitle "CBM 172 Extra"]
[Source "ChessBase"]
[SourceDate "2016.06.21"]
[SourceVersion "1"]
[SourceVersionDate "2016.06.21"]
[SourceQuality "1"]

1. d4 e6 2. c4 f5 3. g3 Nf6 4. Bg2 c6 5. Nf3 d5 6. 0-0 Bd6 7. b3 Qe7 8. Bb2 0-0 9. Qc1 b6 10. Ba3 c5 11. Nc3 a6 12. cxd5 exd5 13. dxc5 bxc5 14. Nh4 Be6 15. Nxf5 Qd7 16. Nxd6 Qxd6 17. Na4 Nbd7 18. Bxc5 Nxc5 19. Qxc5 Qe5 20. e3 Ne4 21. Qd4 Qh5 22. Nc5 Bh3 23. Bxh3 1-0

[Event "Copenhagen Challenge"]
[Site "Ballerup"]
[Date "2016.04.21"]
[Round "3"]
[White "Holmstrom, Johan Ravnborg"]
[Black "Tandrup, Michael"]
[Result "1/2-1/2"]
[WhiteElo "1932"]
[BlackElo "1961"]
[PlyCount "41"]
[EventDate "2016.04.20"]
[EventType "swiss"]
[EventRounds "9"]
[EventCountry "DEN"]
[SourceTitle "CBM 172 Extra"]
[Source "ChessBase"]
[SourceDate "2016.06.21"]
[SourceVersion "1"]
[SourceVersionDate "2016.06.21"]
[SourceQuality "1"]

1. d4 Nf6 2. Nf3 g6 3. Bf4 Bg7 4. e3 c5 5. c3 b6 6. Nbd2 Bb7 7. h3 0-0 8. Bd3 d6 9. 0-0 Nbd7 10. Re1 d5 11. Bh2 h5 12. e4 dxe4 13. Nxe4 cxd4 14. Nxd4 Nxe4 15. Bxe4 Bxe4 16. Rxe4 Rc8 17. Qe2 e5 18. Nb3 f5 19. Rc4 Qe7 20. Rxc8 Rxc8 21. Rd1 1/2-1/2

[Event "DEN-ch G7-B"]
[Site "Skorping"]
[Date "2014.04.19"]
[Round "5"]
[White "Nielsen, Rune"]
[Black "Holmstrom, Johan Ravnborg"]
[Result "0-1"]
[WhiteElo "1607"]
[BlackElo "1744"]
[PlyCount "88"]
[EventDate "2014.04.15"]
[EventType "swiss"]
[EventRounds "7"]
[EventCountry "DEN"]
[SourceTitle "EXT 2023"]
[Source "ChessBase"]
[SourceDate "2022.10.05"]
[SourceVersion "1"]
[SourceVersionDate "2022.10.05"]
[SourceQuality "1"]

1. Nf3 Nf6 2. d4 e6 3. c4 Bb4+ 4. Bd2 Qe7 5. Qc2 Bxd2+ 6. Nbxd2 d6 7. e4 e5 8. d5 a5 9. Rc1 b6 10. a3 a4 11. h3 Bd7 12. Nb1 Na6 13. Nc3 Nc5 14. Nd2 0-0 15. Nb5 Ne8 16. Bd3 Qg5 17. Kf1 g6 18. h4 Qe7 19. h5 f5 20. Nf3 f4 21. hxg6 hxg6 22. Nh4 Qg5 23. Be2 Kg7 24. Nf3 Qf6 25. Nh2 Rh8 26. Bf3 g5 27. Ke2 Nb3 28. Ng4 Qf8 29. Qb1 Nxc1+ 30. Qxc1 Rxh1 31. Qxh1 Qh8 32. Qc1 Qh4 33. g3 Qh3 34. Nxe5 dxe5 35. Qc3 Kf6 36. Qb4 Kf7 37. Nxc7 Nxc7 38. Qd6 Ne8 39. Qxe5 Bg4 40. Qxg5 Bxf3+ 41. Kxf3 Qh1+ 42. Kxf4 Qc1+ 43. Kf5 Nd6+ 44. Kg4 Rg8 0-1

[Event "DEN-ch G7-B"]
[Site "Skorping"]
[Date "2014.04.18"]
[Round "4"]
[White "Holmstrom, Johan Ravnborg"]
[Black "Pedersen, Lars Wisler"]
[Result "1-0"]
[WhiteElo "1744"]
[BlackElo "1808"]
[PlyCount "109"]
[EventDate "2014.04.15"]
[EventType "swiss"]
[EventRounds "7"]
[EventCountry "DEN"]
[SourceTitle "EXT 2023"]
[Source "ChessBase"]
[SourceDate "2022.10.05"]
[SourceVersion "1"]
[SourceVersionDate "2022.10.05"]
[SourceQuality "1"]

1. Nf3 f5 2. d3 Nf6 3. e4 fxe4 4. dxe4 Nxe4 5. Bd3 d5 6. Bxe4 dxe4 7. Qxd8+ Kxd8 8. Ng5 Ke8 9. Nc3 e5 10. Be3 Bb4 11. Ngxe4 Bf5 12. 0-0-0 Nd7 13. a3 Bxc3 14. Nxc3 c6 15. Rhe1 Kf7 16. Rd2 Rad8 17. Red1 Ke7 18. Re1 Rhe8 19. Bg5+ Nf6 20. Rxe5+ Be6 21. Rde2 Kf7 22. Bxf6 Kxf6 23. R5e3 g6 24. Ne4+ Kg7 25. Nc5 Bf7 26. Rxe8 Rxe8 27. Rxe8 Bxe8 28. Nxb7 Kf6 29. Kd2 Ke5 30. Nc5 Bf7 31. Ke3 h5 32. Nd3+ Kf5 33. Kd4 h4 34. Ke3 g5 35. f3 Be6 36. g3 Kf6 37. f4 hxg3 38. hxg3 gxf4+ 39. gxf4 Ke7 40. Kd4 Kd6 41. Nc5 Bf5 42. c4 Bc8 43. b4 Bf5 44. Ne4+ Kc7 45. Ng3 Bd7 46. Kc5 a6 47. f5 Be8 48. Ne4 a5 49. Nd6 Bh5 50. f6 axb4 51. axb4 Kd7 52. f7 Ke7 53. Kxc6 Bg4 54. Kc7 Be6 55. c5 1-0

[Event "DEN-ch G7-B"]
[Site "Skorping"]
[Date "2014.04.17"]
[Round "3"]
[White "Jakobsen, Niels Jorgen"]
[Black "Holmstrom, Johan Ravnborg"]
[Result "1/2-1/2"]
[WhiteElo "1641"]
[BlackElo "1744"]
[PlyCount "40"]
[EventDate "2014.04.15"]
[EventType "swiss"]
[EventRounds "7"]
[EventCountry "DEN"]
[SourceTitle "EXT 2023"]
[Source "ChessBase"]
[SourceDate "2022.10.05"]
[SourceVersion "1"]
[SourceVersionDate "2022.10.05"]
[SourceQuality "1"]

1. e4 Nf6 2. Nc3 d5 3. exd5 Nxd5 4. Bc4 c6 5. Nf3 Bg4 6. 0-0 e6 7. h3 Bh5 8. Ne4 Be7 9. c3 Nd7 10. d4 Qc7 11. Re1 h6 12. Bd2 0-0-0 13. b4 Bxf3 14. Qxf3 Rdf8 15. Nc5 g5 16. Bxd5 cxd5 17. a4 h5 18. Nd3 g4 19. hxg4 hxg4 20. Qf4 Qxf4 1/2-1/2